| 000 | 00754cam a2200217 4500 | ||
|---|---|---|---|
| 001 | J112982 | ||
| 008 | 000000n2001 000 0 eng u | ||
| 035 | _a(Sirsi) u112982 | ||
| 110 |
_aRoyal Institution of Chartered Surveyors _94900 |
||
| 245 | _aContinuing professional development support information pack. | ||
| 260 |
_aLondon _bRICS _c2001 |
||
| 300 | _a1 computer disk : 9cm x 9cm. | ||
| 505 | _a1 computer disk NOT AVAILABLE FOR LOAN. Can be obtained free from the Education department email [email protected] | ||
| 650 | _aCONTINUING PROFESSIONAL DEVELOPMENT | ||
| 650 | _aCPD | ||
| 650 | _aCAREERS, EDUCATION AND TRAINING | ||
| 650 | _aRICS | ||
| 650 | _aCAREER DEVELOPMENT | ||
| 690 | _aTRAINING AND CAREER DEVELOPMENT | ||
| 942 | _n0 | ||
| 999 |
_c101485 _d101485 |
||